[Event "SRB-chT (Women)"]
[Site "Novi Sad"]
[Date "2010.08.29"]
[Round "7"]
[White "Vuckovic, Jovana"]
[Black "Grujic, Danijela"]
[Result "1/2-1/2"]
[WhiteElo "1858"]
[BlackElo "2141"]
[PlyCount "78"]
[EventDate "2010.08.23"]
[EventType "team-tourn"]
[EventRounds "11"]
[EventCountry "YUG"]
[SourceTitle "CBM 138 Extra"]
[Source "ChessBase"]
[SourceDate "2010.10.29"]
[SourceVersion "1"]
[SourceVersionDate "2010.10.29"]
[SourceQuality "1"]

1. d4 d5 2. Nf3 e6 3. c4 c5 4. cxd5 exd5 5. Nc3 Nc6 6. g3 Nf6 7. Bg2 Be7 8. 0-0 c4 9. Ne5 0-0 10. b3 Bb4 11. Bb2 Qa5 12. Nxc6 bxc6 13. Qc2 Ba6 14. Rfc1 Rab8 15. Nd1 Rfe8 16. Bc3 Ne4 17. Bxb4 Qxb4 18. Ne3 Qe7 19. bxc4 Nxf2 20. Nf5 Qxe2 21. Nd6 Ng4 22. Qxe2 Rxe2 23. Bf3 Re6 24. Rab1 Rd8 25. Nb7 Bxb7 26. Rxb7 h5 27. cxd5 cxd5 28. h3 Rf6 29. Rc3 Nh6 30. Bxh5 Re8 31. Rf3 Re4 32. Rxf6 gxf6 33. Rxa7 Rxd4 34. Rd7 Rd3 35. Kf2 Rd2+ 36. Ke3 Rxa2 37. Rxd5 Ra3+ 38. Kf2 Ra2+ 39. Kf3 Ra3+ 1/2-1/2

[Event "SRB-chT (Women)"]
[Site "Novi Sad"]
[Date "2010.08.24"]
[Round "2"]
[White "Grujic, Danijela"]
[Black "Milutinovic, Stefana"]
[Result "1/2-1/2"]
[WhiteElo "2141"]
[BlackElo "1872"]
[PlyCount "82"]
[EventDate "2010.08.23"]
[EventType "team-tourn"]
[EventRounds "11"]
[EventCountry "YUG"]
[SourceTitle "CBM 138 Extra"]
[Source "ChessBase"]
[SourceDate "2010.10.29"]
[SourceVersion "1"]
[SourceVersionDate "2010.10.29"]
[SourceQuality "1"]

1. e4 d6 2. Nc3 Nf6 3. g3 g6 4. Bg2 Bg7 5. d3 0-0 6. Nge2 Nc6 7. 0-0 e5 8. h3 Ne8 9. f4 Ne7 10. Be3 f5 11. d4 exf4 12. Bxf4 Nf6 13. Kh2 fxe4 14. Nxe4 Nxe4 15. Bxe4 d5 16. Bg2 Nf5 17. Qd3 c6 18. Be5 Bxe5 19. dxe5 Qe7 20. Rae1 Qxe5 21. Nc3 Qg7 22. Na4 Bd7 23. Nc5 b6 24. Ne6 Bxe6 25. Rxe6 Nd4 26. Ree1 Rxf1 27. Rxf1 Re8 28. c4 Nf5 29. cxd5 Re3 30. Qc4 c5 31. d6+ Kh8 32. Qf4 Re2 33. Qf3 Rd2 34. Rd1 Rxd1 35. Qxd1 Qd7 36. Qf3 Qxd6 37. Qa8+ Kg7 38. Qxa7+ Kf6 39. Qa3 h5 40. Qc3+ Kf7 41. Be4 Nd4 1/2-1/2

[Event "SRB-ch (Women)"]
[Site "Pancevo"]
[Date "2007.05.06"]
[Round "8"]
[White "Grujic, Danijela"]
[Black "Rakic, Marija"]
[Result "1/2-1/2"]
[WhiteElo "2142"]
[BlackElo "2249"]
[PlyCount "98"]
[EventDate "2007.04.28"]
[EventType "tourn"]
[EventRounds "11"]
[EventCountry "YUG"]
[SourceTitle "CBM 118 Extra"]
[Source "ChessBase"]
[SourceDate "2007.07.04"]
[SourceVersion "1"]
[SourceVersionDate "2007.07.04"]
[SourceQuality "1"]

1. e4 Nf6 2. Nc3 d5 3. e5 d4 4. exf6 dxc3 5. fxg7 cxd2+ 6. Bxd2 Bxg7 7. Qh5 Qd4 8. c3 Qe4+ 9. Be3 c6 10. Nf3 Bg4 11. Qxf7+ Kxf7 12. Ng5+ Ke8 13. Nxe4 Nd7 14. h3 Bf5 15. Ng3 Bg6 16. 0-0-0 Kd8 17. Bd3 Be5 18. Bf5 Bd6 19. Rhe1 Kc7 20. Bxg6 hxg6 21. Ne4 Rhf8 22. Nxd6 exd6 23. g3 Rae8 24. f4 Nf6 25. Bd4 Ne4 26. Bg7 Rg8 27. Be5 Nxg3 28. Rxd6 Kc8 29. Red1 Re7 30. Kc2 Nf5 31. R6d3 b6 32. Kb3 c5 33. a4 a6 34. Rg1 Re6 35. c4 Re7 36. a5 Rb7 37. Kc3 Rh7 38. axb6 Kb7 39. Bc7 Nd4 40. Rg2 Rd7 41. Be5 Rgd8 42. Bxd4 Rxd4 43. Re3 R8d6 44. Reg3 Rxf4 45. Rxg6 Rf3+ 46. Kc2 Rxg6 47. Rxg6 Rxh3 48. b3 Rh2+ 49. Kc3 a5 1/2-1/2

[Event "SRB-ch (Women)"]
[Site "Pancevo"]
[Date "2007.05.05"]
[Round "7"]
[White "Maksimovic, Suzana"]
[Black "Grujic, Danijela"]
[Result "1-0"]
[WhiteElo "2277"]
[BlackElo "2142"]
[PlyCount "147"]
[EventDate "2007.04.28"]
[EventType "tourn"]
[EventRounds "11"]
[EventCountry "YUG"]
[SourceTitle "CBM 118 Extra"]
[Source "ChessBase"]
[SourceDate "2007.07.04"]
[SourceVersion "1"]
[SourceVersionDate "2007.07.04"]
[SourceQuality "1"]

1. d4 d5 2. c4 e6 3. e3 Nf6 4. Nf3 c5 5. Nc3 a6 6. cxd5 exd5 7. Be2 Nc6 8. 0-0 Bd6 9. dxc5 Bxc5 10. b3 0-0 11. Bb2 Qd6 12. Qc2 Ba7 13. Rad1 Re8 14. Rd2 Bg4 15. Ng5 Nb4 16. Qb1 Bb8 17. g3 Bxe2 18. Nxe2 h6 19. Bxf6 Qxf6 20. Qh7+ Kf8 21. Nh3 g5 22. Nd4 Qg6 23. Qxg6 fxg6 24. Rc1 g4 25. Nf4 Bxf4 26. gxf4 Rac8 27. Rxc8 Rxc8 28. Kg2 Rc3 29. Kg3 h5 30. Kh4 Kf7 31. Kg5 Nc6 32. f5 gxf5 33. Nxf5 Rc5 34. Nd4 Nxd4 35. exd4 Rc3 36. Kxh5 Rh3+ 37. Kxg4 Rxh2 38. Re2 b5 39. Rc2 Ke7 40. Kg3 Rh1 41. Rc6 Rd1 42. Rxa6 Rxd4 43. f4 Rd2 44. Kf3 b4 45. Ke3 Rd1 46. Ra4 Ra1 47. Kd4 Ke6 48. f5+ Kxf5 49. Kxd5 Kf6 50. Ra6+ Ke7 51. Kc4 Rh1 52. Kxb4 Kd7 53. Rg6 Rh5 54. a4 Kc7 55. a5 Kb7 56. Ka4 Rf5 57. b4 Rf4 58. a6+ Ka7 59. Ka5 Rf5+ 60. b5 Re5 61. Rg7+ Ka8 62. Rd7 Rg5 63. Kb6 Rg6+ 64. Kc7 Ka7 65. Rd6 Rg7+ 66. Kc6 Rg8 67. Rd7+ Kb8 68. b6 Rf8 69. b7 Re8 70. Rd6 Ka7 71. Kc7 Re7+ 72. Rd7 Re8 73. Rd8 Re7+ 74. Kd6 1-0